000 00803nam a2200265 a 4500
008
020 _a0750651490 (pbk.)
049 _aMAIN
090 0 0 _aTH153
245 0 0 _aDesign and construction :
_bbuilding in value /
_cedited by Rick Best and Gerard de Valence.
260 _aOxford :
_bButterworth-Heinemann,
_c2002.
300 _axxii, 504 p. :
_bill. ;
_c25 cm.
504 _aIncludes bibliographical references.
500 _aIncludes index.
650 0 _aBuilding
_xCost effectiveness.
650 0 _aBuildings.
650 0 _aBuilding
_xPlanning.
700 1 _aBest, Rick.
700 1 _aDe Valence, Gerard.
907 _a.b10132296
_b03-05-08
_c05-08-04
003
005 20230123133806.0
040 _cNUST
942 _cBOOKS
_kTH153
999 _c154714
_d154714